Analysis of factors affecting the orbital lifetime of satellites
Enregistré dans:
| Auteur principal: | |
|---|---|
| Autres auteurs: | |
| Format: | Manuscrit Livre |
| Langue: | slovaque anglais |
| Publié: |
2025
|
| Sujets: | |
| Accès en ligne: | http://is.stuba.sk/zp/portal_zp.pl?podrobnosti=184585 |
| Tags: |
Pas de tags, Soyez le premier à ajouter un tag!
|
MARC
| LEADER | 00000ntm a22000003a 4500 | ||
|---|---|---|---|
| 001 | stuzp105614 | ||
| 003 | SK-STU | ||
| 005 | 20250614213958.6 | ||
| 007 | ta | ||
| 008 | 150427s2015----xo-----f-mn---000-0-slo-d | ||
| 040 | |a STU |b slo | ||
| 041 | 0 | |a eng | |
| 100 | 1 | |a Santoyo Díaz, Joel |u 033000 |4 aut |U FEI Fakulta elektrotechniky a informatiky |T FEI Ústav elektroniky a fotoniky |X 128053 |U E030 |Y 549 |7 128053 | |
| 242 | 0 | 1 | |a Analýza faktorov ovplyvňujúcich životnosť satelitov na obežnej dráhe |y slo |
| 245 | 1 | 0 | |a Analysis of factors affecting the orbital lifetime of satellites |
| 260 | |c 2025 | ||
| 650 | 4 | |a CME - Coronal Mass Ejection |2 eng | |
| 650 | 4 | |a LEO - Low Earth Orbit |2 eng | |
| 650 | 4 | |a 2U - Two Unit CubeSat |2 eng | |
| 650 | 4 | |a 1U - One Unit CubeSat |2 eng | |
| 650 | 4 | |a TLE - Two Line Element |2 eng | |
| 650 | 4 | |a 1U Jedna jednotka CubeSat |2 slo | |
| 650 | 4 | |a TLE dvojriadkový prvok |2 slo | |
| 650 | 4 | |a CME Výron koronálnej hmoty |2 slo | |
| 650 | 4 | |a LEO Nízka obežná dráha Zeme |2 slo | |
| 650 | 4 | |a 2U Dve jednotky CubeSat |2 slo | |
| 700 | 1 | |a Vojs, Marian |u 033000 |k Z2 |4 ths |U FEI Fakulta elektrotechniky a informatiky |T FEI Ústav elektroniky a fotoniky |X 2979 |U E030 |Y 549 |7 A000002979 | |
| 856 | 4 | |u http://is.stuba.sk/zp/portal_zp.pl?podrobnosti=184585 | |